संस्कृति और शिक्षा / (Record no. 118085)

MARC details
000 -LEADER
fixed length control field 01091nam a22002537a 4500
005 - DATE AND TIME OF LATEST TRANSACTION
control field 20170124103106.0
010 ## - LIBRARY OF CONGRESS CONTROL NUMBER
LC control number B-067219
020 ## - INTERNATIONAL STANDARD BOOK NUMBER
Terms of availability 175.00
International Standard Book Number 8188164070
035 ## - SYSTEM CONTROL NUMBER
System control number B-067219
037 ## - SOURCE OF ACQUISITION
Source of stock number/acquisition Cen Lib/Ret
040 ## - CATALOGING SOURCE
Original cataloging agency DPL
Language of cataloging HN
082 ## - DEWEY DECIMAL CLASSIFICATION NUMBER
Classification number 080
Item number शर्माशं
100 ## - MAIN ENTRY--PERSONAL NAME
Personal name शर्मा, शंकर दयाल
9 (RLIN) 78264
245 ## - TITLE STATEMENT
Title संस्कृति और शिक्षा /
Statement of responsibility, etc शंकर दयाल शर्मा
246 ## - VARYING FORM OF TITLE
Title proper/short title Sanskriti or shiksha /
Remainder of title by Shankar Dayal Sharma
260 ## - PUBLICATION, DISTRIBUTION, ETC. (IMPRINT)
Place of publication, distribution, etc दिल्ली
Name of publisher, distributor, etc पंकज पुस्तक मंदिर
Date of publication, distribution, etc 2002
270 ## - ADDRESS
City दिल्ली
Address 77/1, ईस्ट आज़ाद नगर
Postal code 110051
300 ## - PHYSICAL DESCRIPTION
Extent 170पृ.
Dimensions 19सेमी (सजिल्द)
650 ## - SUBJECT ADDED ENTRY--TOPICAL TERM
Topical term or geographic name as entry element हिंदी--पत्रकारिता
9 (RLIN) 1191
650 ## - SUBJECT ADDED ENTRY--TOPICAL TERM
Topical term or geographic name as entry element कंप्यूटर और संस्कृत भाषा
9 (RLIN) 78265
650 ## - SUBJECT ADDED ENTRY--TOPICAL TERM
Topical term or geographic name as entry element Hindi--Journalism
9 (RLIN) 43511
650 ## - SUBJECT ADDED ENTRY--TOPICAL TERM
Topical term or geographic name as entry element Computer and Sanskrit language
9 (RLIN) 78266
942 ## - ADDED ENTRY ELEMENTS (KOHA)
Source of classification or shelving scheme Dewey Decimal Classification
Koha item type Hindi Books
Classification part 080
Call number suffix शर्माशं
Holdings
Withdrawn status Lost status Damaged status Not for loan Home library Current library Date acquired Source of acquisition Cost, normal purchase price Total Checkouts Total Renewals Full call number Barcode Date last seen Date checked out Copy number Cost, replacement price Price effective from Koha item type
        Central Library Central Library 10/09/2015 Cen Lib/Ref 175.00 1 1 080 शर्माशं B-067219 16/06/2019 13/05/2019 1 175.00 10/09/2015 Hindi Books

© Delhi Public Library
Hit Counter
free hit counter